00889nam a22002297a 450000500170000001000150001702000260003203500130005803700130007108200120008410000150009624501260011126000530023727000380029030000200032850000670034865000250041565000510044094200260049199900170051795201250053420150513160737.0 aENG-112650 a9788179860922c650.00 aEN-96182 bDBAD/PUB a320.934 aDube, S.N.00aIdeas and movements in the age of the Mauryas :c by S.N. Dubebwith special reference to Pali and Ardhamagadhi sources / aShimlabIndian Institute of Advanced Studyc2012 aRashtrapati NivasbShimlae171005 a368p.c22cm(Hb) aIncludes bibliographical references (pages 327-339) and index. aBuddhist philosophy. aSocial movementsxReligious aspectsxBuddhism. 2ddccENmDUBh320.934 c92827d92827 001040718NFICaDBADbDBADd2015-04-09eDBAD/PUBg650.00l0o320.934 DUBpEN-96182r2015-04-09 00:00:00t1v650.00yEN